All Alicia Keys Songs - Statistics

General Stats
  • This quiz has been taken 7 times
  • The average score is 44 of 236
Answer Stats
Answer % Correct
Girl On Fire Girl On Fire (Inferno Version) (ft Nicki Minaj)
100%
The Diary Of Alicia Keys Diary (ft Tony! Toni! Tone! & Jermaine Paul)
83%
The Blueprint 3 Empire State Of Mind (Jay-Z ft Alicia Keys)
83%
The Element Of Freedom Empire State of Mind (Part II) Broken Down
83%
12-12-12: The Concert for Sandy Relief Empire State of Mind (Part II) Broken Down (Live)
83%
The Diary Of Alicia Keys If I Ain't Got You
83%
Queen Charlotte: A Bridgerton Story (Covers from the Netflix Series) If I Ain't Got You (Orchestral Version) (With Queen Charlotte's Global Orchestra)
83%
As I Am No One
83%
The Diary Of Alicia Keys Dragon Days
67%
Songs In A Minor Fallin'
67%
Songs In A Minor How Come You Don't Call Me
67%
The Diary Of Alicia Keys Karma
67%
Confessions My Boo (Usher & Alicia Keys)
67%
The Diary Of Alicia Keys You Don't Know My Name
67%
As I Am – The Super Edition Another Way To Die (with Jack White)
50%
Songs In A Minor A Woman's Worth
50%
Songs In A Minor Butterflyz
50%
Here Girl Can't Be Herself
50%
Here Hallelujah (International Edition Bonus Track)
50%
The Diary Of Alicia Keys If I Was Your Woman
50%
Girl On Fire Limitedless
50%
Alicia Love Looks Better
50%
As I Am Superwoman
50%
Songs In A Minor The Life
50%
The Element Of Freedom Try Sleeping With A Broken Heart
50%
Alicia Underdog
50%
The Element Of Freedom Unthinkable (I'm Ready)
50%
Electric Light Us (James Bay & Alicia Keys)
50%
Alicia 3 Hour Drive (ft Sampha)
33%
Alicia A Beautiful Noise (ft Brandi Carlile) (Digital Edition Bonus Track)
33%
As I Am As I Am (Intro)
33%
Alicia Authors Of Forever
33%
Keys Best Of Me
33%
Keys Billions
33%
Here Blended Family (What You Do For Love) (ft ASAP Rocky)
33%
Girl On Fire Brand New Me
33%
B.I.B.L.E City Of Gods (Fivio Foreign, Alicia Keys & Kanye West)
33%
Stripped City Of Gods II
33%
Keys Daffodils
33%
Keys Dead End Road
33%
Santa Baby December Back 2 June
33%
The Element Of Freedom Doesn't Mean Anything
33%
The Diary Of Alicia Keys Feeling U, Feeling Me (Interlude)
33%
Eve-Olution Gangsta Lovin (Eve ft Alicia Keys)
33%
Alicia Good Job
33%
Alicia Gramercy Park
33%
The Diary Of Alicia Keys Harlem's Nocturne
33%
Here Holy War
33%
Keys In Common (Black Coffee Remix) (Bonus Track)
33%
Here In Common (International Edition Bonus Track)
33%
Keys Is It Insane
33%
The Amazing Spider-Man 2: Soundtrack It's On Again (ft Kendrick Lamar)
33%
Alicia Jill Scott (ft Jill Scott)
33%
Hell's Kitchen Kaleidoscope
33%
Here Kill Your Mama
33%
Keys Lala (ft Swae Lee)
33%
The Color Purple (Music from and Inspired by the Motion Picture) Lifeline
33%
The Element Of Freedom Love Is Blind
33%
Keys Love When You Call My Name
33%
Alicia Me X 7 (ft Tierra Whack)
33%
Keys Nat King Cole
33%
Girl On Fire New Day
33%
Street King International New Day (50 Cent ft Dr Dre & Alicia Keys)
33%
Grateful Nobody (DJ Khaled ft Alicia Keys & Nicki Minaj)
33%
The Diary Of Alicia Keys Nobody Not Really
33%
Keys Old Memories
33%
Keys Only You
33%
Here Pawn It All
33%
Alicia Perfect Way To Die
33%
The Element Of Freedom Put It In A Love Song (ft Beyonce)
33%
The Diary Of Alicia Keys Samsonite Man
33%
Santa Baby Santa Baby
33%
Here She Don't Really Care_1 Luv
33%
Alicia Show Me Love (ft Miguel)
33%
Keys Skydive
33%
The Diary Of Alicia Keys Slow Down
33%
Alicia So Done (ft Khalid)
33%
The Diary Of Alicia Keys So Simple (ft Lellow)
33%
Girl On Fire Tears Always Win
33%
Here The Gospel
33%
Alicia Time Machine
33%
Songs In A Minor Troubles
33%
Late Night Feelings Truth (Mark Ronson ft Alicia Keys & The Last Artful Dodgr)
33%
Alicia Truth Without Love
33%
Alicia Wasted Energy (ft Diamond Platnumz)
33%
The Diary Of Alicia Keys When You Really Love Someone
33%
Here Where Do We Begin Now
33%
Alicia You Save Me (ft Snoh Aalegra)
33%
Songs In A Minor Caged Bird
17%
Gangalee Calma (Alicia Remix) (Farruko, Alicia Keys & Pedro Capo)
17%
Songs In A Minor Crazy (Mi Corazon) (20th Anniversary Digital Edition Bonus Track)
17%
Unplugged Every Little Bit Hurts
17%
Finally Finally (Swedish House Mafia & Alicia Keys)
17%
Girl On Fire Fire We Make (With Maxwell)
17%
Songs In A Minor Foolish Heart (20th Anniversary Digital Edition Bonus Track)
17%
Wasteland Ghetto Gatsby (Brent Faiyaz ft Alicia Keys)
17%
Songs In A Minor Girlfriend
17%
The Diary Of Alicia Keys 20 Golden Child
17%
Songs In A Minor Goodbye
17%
The Diary Of Alicia Keys Heartburn
17%
In the Lonely Hour 10 Year Anniversary Edition I'm Not The Only One (Sam Smith & Alicia Keys)
17%
As I Am I Need You
17%
Scenic Drive Intro (Khalid ft Alicia Keys)
17%
Songs In A Minor Jane Doe
17%
Unplugged Love It Or Leave It Alone
17%
Songs In A Minor Lovin' U (Hidden Track)
17%
Jimmy Cozier Mr Man (Jimmy Cozier ft Alicia Keys)
17%
Songs In A Minor Mr Man (With Jimmy Cozier)
17%
Songs In A Minor Never Felt This Way (Interlude)
17%
Songs In A Minor Piano & I
17%
Songs In A Minor Rear View Mirror (Japanese Edition Bonus Track)
17%
Music From and Inspired By Shaft | Songs In A Minor Rock Wit U
17%
Keys Stay (ft Lucky Daye) (Bonus Track)
17%
Unplugged Stolen Moments
17%
The Diary Of Alicia Keys Streets Of New York (City Life) (ft Nas & Rakim) (UK & Japanese Edition Bonus Track)
17%
As I Am Teenage Love Affair
17%
Unplugged Unbreakable
17%
The Diary Of Alicia Keys Wake Up
17%
The Diary Of Alicia Keys Walk On By
17%
Songs In A Minor Why Do I Feel So Sad
17%
Unplugged Wild Horses (ft Adam Levine)
17%
Girl On Fire 101
0%
Single 28 Thousand Days
0%
The Backyardigans: Born To Play Almost Everything Is Boinga (The Backyardigans ft Alicia Keys)
0%
Genius & Friends America The Beautiful (Ray Charles & Alicia Keys)
0%
Hidden Figures Apple
0%
Santa Baby Ave Maria
0%
The Voice Series 11 Ave Maria (The Voice Performance) (We McDonald & Alicia Keys)
0%
Queen of Katwe Back To Life
0%
Look Both Ways Before You Cross Me Boy Meets Girl (Truck Turner ft Alicia Keys)
0%
Mahogany Soul Brotha Part II (Angie Stone ft Alicia Keys & Eve)
0%
Santa Baby Christmas Time Is Here
0%
Here Cocoa Butter (Cross & Pic Interlude)
0%
Keys Come For Me (ft Khalid & Lucky Daye)
0%
Men In Black: The Album Dah Dee Dah (Sexy Thing)
0%
Girl On Fire De Novo Adagio (Intro)
0%
The Voice Diamonds And Pearls (The Voice Performance) (Chris Blue & Alicia Keys)
0%
The Element Of Freedom Distance And Time
0%
Djin Djin Djin Djin (Angelique Kidjo ft Alicia Keys & Branford Marsalis)
0%
As I Am – The Super Edition Doncha Know (Sky Is Blue)
0%
Keep A Child Alive Don't Give Up (Africa) (with Bono)
0%
Here Elaine Brown (Interlude)
0%
Here Elevate (Interlude)
0%
The Annie Lennox Collection Everybody Hurts (Annie Lennox & Alicia Keys)
0%
Ali Fight
0%
Thank Me Later Fireworks (Drake ft Alicia Keys)
0%
Live 8 (Live, July 2005) For All We Know
0%
Songs In A Minor: 10th Anniversary Collector's Edition Ghetto Man (ft muMs Da Schemer)
0%
Ghetto Story Ghetto Story Chapter 2 (Cham ft Alicia Keys)
0%
As I Am Go Ahead
0%
Santa Baby Happy Xmas (War Is Over)
0%
The Element Of Freedom Heaven's Door (Japanese Deluxe Edition Bonus Track)
0%
Exodus Hold Me Down (DMX ft Alicia Keys)
0%
The Element Of Freedom How It Feels To Fly
0%
So Amazing: An All-Star Tribute to Luther Vandross If This World Were Mine (Alicia Keys ft Jermaine Paul)
0%
Songs In A Minor: 10th Anniversary Collector's Edition I Got A Little Something
0%
American Red Cross Hurricane Sandy Relief I'll Always Walk Beside You (Richie Sambora ft Alicia Keys, Luke Ebbin, Aaron Sterling and Curt Schneider)
0%
Here Illusion Of Bliss
0%
R J Small Compilation, Vol. 1 I'm Yours
0%
Haute Living International Party (Swizz Beatz ft Alicia Keys)
0%
Glory Road I Will Make The Darkness Light
0%
Senza Paura I Will Pray (Giorgia ft Alicia Keys)
0%
Songs In A Minor: 10th Anniversary Collector's Edition I Won't (Crazy World)
0%
Songs In A Minor: 10th Anniversary Collector's Edition Juiciest
0%
Keys Keys
0%
G I R L Know Who You Are (Pharrell Williams & Alicia Keys)
0%
As I Am Lesson Learned (ft John Mayer)
0%
Songs In A Minor: 10th Anniversary Collector's Edition Light My Fire
0%
Revival Like Home (Eminem ft Alicia Keys)
0%
The Element Of Freedom Like The Sea
0%
Keys Like Water
0%
As I Am Like You'll Never See Me Again
0%
Girl On Fire Listen To Your Heart
0%
12 Soulful Nights Of Christmas Little Drummer Girl
0%
Paraiso Express Looking For Paradise (Alejandro Sanz ft Alicia Keys)
0%
The Element Of Freedom Love Is My Disease
0%
The Element Of Freedom Lover Man (Empire Edition Bonus Track)
0%
Songs In A Minor: 10th Anniversary Collector's Edition Moonlight Sonata
0%
Here More Than We Know
0%
Man Of The Woods Morning Light (Justin Timberlake ft Alicia Keys)
0%
Santa Baby My Favorite Things
0%
Girl On Fire | Santa Baby Not Even The King
0%
Sweet Dreams Oh Holy Night
0%
Santa Baby Old Memories On Christmas
0%
Girl On Fire One Thing
0%
Sweet Dreams Over The Rainbow (ft Egypt)
0%
Keys Paper Flowers (ft Brandi Carlile)
0%
Glory Road People Get Ready
0%
Vault Playlist Vol. 1 Place To Call My Own
0%
Santa Baby Please Come Home For Christmas
0%
Keys Plentiful (ft Pusha T)
0%
Empire: Original Soundtrack Season 2 Volume 1 Powerful (Empire Cast ft Jussie Smollett & Alicia Keys)
0%
Vault Playlist Vol. 1 Pray For Forgiveness
0%
The Element Of Freedom Pray For Forgiveness (Deluxe Edition Bonus Track)
0%
As I Am Prelude To A Kiss
0%
Muscle Shoals Pressing On
0%
12 Years A Slave (soundtrack) Queen of the Field (Patsey's Song)
0%
Non-Album Single Raise A Man
0%
Sex and the City 2 (soundtrack) Rapture
0%
As I Am – The Super Edition Saviour
0%
Collaboration Say Her Name (Hell You Talmbout) (Janelle Monae ft Alicia Keys & Various Artists)
0%
Hope For Haiti Now Send Me An Angel
0%
12 Soulful Nights Of Christmas Someday At Christmas
0%
America: A Tribute To Heroes Someday We'll All Be Free
0%
Monster Monday Volume One Speechless (ft Eve)
0%
As I Am Sure Looks Good To Me
0%
As I Am Tell You Something (Nana's Reprise)
0%
The Element Of Freedom That's How Strong My Love Is
0%
Girl On Fire That's When I Knew
0%
The Hamilton Mixtape That Would Be Enough
0%
Here The Beginning (Interlude)
0%
Santa Baby The Christmas Song (Chestnuts Roasting On An Open Fire)
0%
The Element Of Freedom The Element Of Freedom (Intro)
0%
Amazon Original The Great Curve (Angelique Kidjo ft Alicia Keys, Questlove & Blood Orange)
0%
Almost Healed Therapy Session (Lil Durk ft Alicia Keys)
0%
As I Am The Thing About Love
0%
The Element Of Freedom This Bed
0%
The Element Of Freedom Through It All (Deluxe Edition Bonus Track)
0%
Songs In A Minor: 10th Anniversary Collector's Edition Typewriter
0%
As I Am Waiting For Your Love (UK & Japanese Bonus Track)
0%
The Element Of Freedom Wait Til You See My Smile
0%
God's Son Warrior Song (Nas ft Alicia Keys)
0%
We Rise We Are Here
0%
Promotional Single We Gotta Pray
0%
The Element Of Freedom We're Almost There (Empire Edition Bonus Track)
0%
What's Going On: All-Star Tribute What's Going On
0%
Girl On Fire When It's All Over
0%
As I Am Where Do We Go From Here
0%
Christmas Blues Winter Time (Sabrina Claudio & Alicia Keys)
0%
Here Work On It
0%
As I Am Wreckless Love
0%
Santa Baby You Don't Have To Be Alone
0%
Here You Glow (Interlude)
0%
No matching quizzes found
Score Distribution
Percent of People with Each Score
Percentile by Number Answered
Your Score History
You have not taken this quiz